Profits et structures du capitalisme mondial

Đã lưu trong:
书目详细资料
主要作者: Andreff, Wladimir
格式: 图书
语言:Undetermined
出版: Paris Calmann Le1vy 1976
主题:
标签: 添加标签
没有标签, 成为第一个标记此记录!
Thư viện lưu trữ: Trung tâm Học liệu Trường Đại học Cần Thơ
LEADER 00475nam a2200181Ia 4500
001 CTU_86157
008 210402s9999 xx 000 0 und d
082 |a 330 
082 |b A555 
100 |a Andreff, Wladimir 
245 0 |a Profits et structures du capitalisme mondial 
245 0 |c Wladimir Andreff 
260 |a Paris 
260 |b Calmann Le1vy 
260 |c 1976 
650 |a Capitalism 
904 |i Năm 
980 |a Trung tâm Học liệu Trường Đại học Cần Thơ